| Tag |
First Indicator |
Second Indicator |
Subfields |
| LEADER |
00000cam a2200000 a 4500 |
| 001 |
in00002144591 |
| 005 |
20151103154430.0 |
| 008 |
040602s2006 nyua b 001 0 eng |
| 010 |
|
|
|a 2004053760
|
| 020 |
|
|
|a 1555704786 (alk. paper)
|
| 024 |
3 |
|
|a 9781555704780
|
| 035 |
|
|
|a (OCoLC)ocm55657674
|
| 040 |
|
|
|a DLC
|c DLC
|d BAKER
|d C#P
|d UtOrBLW
|
| 049 |
|
|
|a TXAM
|
| 050 |
0 |
0 |
|a Z680.5
|b .A43 2006
|
| 082 |
0 |
0 |
|a 025/.00285
|2 22
|
| 100 |
1 |
|
|a Alcorn, Louise E.,
|d 1970-
|
| 245 |
1 |
0 |
|a Wireless networking :
|b a how-to-do-it manual for librarians /
|c Louise E. Alcorn, Maryellen Mott Allen.
|
| 264 |
|
1 |
|a New York :
|b Neal-Schuman Publishers,
|c [2006]
|
| 264 |
|
4 |
|c ©2006
|
| 300 |
|
|
|a xiii, 201 pages :
|b illustrations ;
|c 28 cm.
|
| 336 |
|
|
|a text
|b txt
|2 rdacontent
|
| 337 |
|
|
|a unmediated
|b n
|2 rdamedia
|
| 338 |
|
|
|a volume
|b nc
|2 rdacarrier
|
| 490 |
1 |
|
|a How-to-do-it manuals for librarians ;
|v no. 131
|
| 504 |
|
|
|a Includes bibliographical references (pages 151-159) and index.
|
| 650 |
|
0 |
|a Telecommunication in libraries.
|
| 650 |
|
0 |
|a Wireless communication systems.
|
| 650 |
|
0 |
|a Library information networks.
|
| 650 |
|
0 |
|a Public libraries
|x Information technology.
|
| 650 |
|
0 |
|a Academic libraries
|x Information technology.
|
| 700 |
1 |
|
|a Allen, Maryellen Mott,
|d 1970-
|
| 830 |
|
0 |
|a How-to-do-it manuals for libraries ;
|v no. 131.
|
| 938 |
|
|
|a Baker & Taylor
|b BKTY
|c 65.00
|d 65.00
|i 1555704786
|n 0004381387
|s active
|
| 945 |
|
|
|i PromptCat
|
| 947 |
|
|
|a A14834114684
|
| 948 |
|
|
|a cataloged
|b h
|c 2006/6/2
|d c
|e achopde
|f 11:40:09 am
|
| 994 |
|
|
|a 92
|b TXA
|
| 999 |
|
|
|a MARS
|
| 999 |
f |
f |
|s b4d02438-9bd9-3d6f-b309-525e61ee4723
|i d8c5c16c-9880-3719-9c90-52600ba4633e
|t 0
|
| 952 |
f |
f |
|p ric
|a Texas A&M University
|b Rellis Campus
|c Joint Library Facility
|d Remote Storage
|t 0
|e Z680.5 .A43 2006
|h Library of Congress classification
|i unmediated -- volume
|m A14835511512
|
| 998 |
f |
f |
|a Z680.5 .A43 2006
|t 0
|l Remote Storage
|